000 00615nam a2200229Ia 4500
003 OSt
005 20220927103144.0
006 a|||||r|||| 00| 0
007 ta
008 220926b |||||||| |||| 00| 0 eng d
024 _a20741
037 _cReference Collections
040 _aRTL
_cRTL
_beng
041 _2eng
_aeng
082 _a"Bk, L3/RR"
100 _aShapiro Max S Ed.
_9354049
245 0 _aMathematics encylopedea
260 _aNew
_bYork made Simple
_c1973
300 _a"x, 289p"
_ccm.
942 _h"Bk, L3/RR"
_cCC
999 _c681126
_d681126